| 000 | 01210nam a22002177a 4500 | ||
|---|---|---|---|
| 999 |
_c62086 _d62086 |
||
| 003 | Ge_BSU | ||
| 005 | 20240705153751.0 | ||
| 008 | 240705s2022 ge ||||| |||| 00| 0 geo d | ||
| 020 | _a9789941334023 | ||
| 041 | _ageo | ||
| 080 | _a339.13(075.8)ნ-24 | ||
| 100 |
_aნანიტაშვილი, მანანა, ავტორი. _922737 |
||
| 245 |
_aსაერთაშორისო მარკეტინგი : _b[სახელმძღვანელო] / _cმანანა ნანიტაშვილი ; რედ. გიორგი შუბლაძე ; ყდის დიზაინერი ირაკლი უშვერიძე |
||
| 264 |
_aთბილისი : _bუნივერსალი, _c 2022. |
||
| 300 |
_a410 გვ. : _bნახ., ცხრ. ; _c20 სმ. |
||
| 504 | _aბიბლიოგრაფია: გვ. 406-409. | ||
| 653 | _aმარკეტინგი | ||
| 700 |
_aშუბლაძე, გიორგი _e რედაქტორი და სხვ. _9572 |
||
| 710 |
_a ახალი უმაღლესი სასწავლებელი-ნიუუნი. _922738 |
||
| 942 |
_2udc _cᲬᲘᲒᲜᲘ |
||